|
|
|
|
| LEADER |
02305nam a2200613 i 4500 |
| 001 |
nkc20152755514 |
| 003 |
CZ PrNK |
| 005 |
20160309075236.0 |
| 007 |
ta |
| 008 |
160120s2015 xr ab e f 000 0 cze |
| 015 |
|
|
|a cnb002755514
|
| 020 |
|
|
|a 978-80-260-9161-5
|q (brožováno)
|
| 035 |
|
|
|a (OCoLC)944218032
|
| 040 |
|
|
|a ABA001
|b cze
|e rda
|
| 043 |
|
|
|a e-xr---
|b e-xr-us
|2 czenas
|
| 072 |
|
7 |
|a 72
|x Architektura
|2 Konspekt
|9 21
|
| 080 |
|
|
|a 728.81
|2 MRF
|
| 080 |
|
|
|a 902.2
|2 MRF
|
| 080 |
|
|
|a 903.2
|2 MRF
|
| 080 |
|
|
|a 902:904
|2 MRF
|
| 080 |
|
|
|a 94(437.315)
|2 MRF
|
| 080 |
|
|
|a (036)
|2 MRF
|
| 100 |
1 |
|
|a Gabriel, František,
|d 1949-
|7 jn19981001298
|4 aut
|
| 245 |
1 |
0 |
|a Město Úštěk a jeho dva hrady /
|c František Gabriel, Lucie Kursová
|
| 264 |
|
1 |
|a Úštěk :
|b Městský úřad,
|c [2015]
|
| 300 |
|
|
|a 22 nečíslovaných stran :
|b ilustrace (převážně barevné), mapy ;
|c 21 cm
|
| 336 |
|
|
|a text
|b txt
|2 rdacontent
|
| 337 |
|
|
|a bez média
|b n
|2 rdamedia
|
| 338 |
|
|
|a svazek
|b nc
|2 rdacarrier
|
| 500 |
|
|
|a Publikace vydaná k výročí 600 let od upálení mistra Jana Husa
|
| 504 |
|
|
|a Obsahuje bibliografii
|
| 610 |
2 |
7 |
|a Úštěk (hrad)
|7 xx0200680
|2 czenas
|
| 610 |
2 |
7 |
|a Levín (hrad)
|7 xx0200682
|2 czenas
|
| 650 |
0 |
7 |
|a hrady
|7 ph120854
|z Česko
|2 czenas
|
| 650 |
0 |
7 |
|a hrady
|7 ph120854
|x dějiny
|2 czenas
|
| 650 |
0 |
7 |
|a archeologické výzkumy
|7 ph118577
|z Česko
|2 czenas
|
| 650 |
0 |
7 |
|a archeologické nálezy
|7 ph137683
|z Česko
|2 czenas
|
| 650 |
0 |
9 |
|a castles
|z Czechia
|2 eczenas
|
| 650 |
0 |
9 |
|a castles
|x history
|2 eczenas
|
| 650 |
0 |
9 |
|a excavations (archaeology)
|z Czechia
|2 eczenas
|
| 650 |
0 |
9 |
|a antiquities
|z Czechia
|2 eczenas
|
| 651 |
|
7 |
|a Úštěk (Česko)
|7 ge131772
|x dějiny
|2 czenas
|
| 651 |
|
7 |
|a Levín (Litoměřice, Česko)
|7 ge367468
|x dějiny
|2 czenas
|
| 651 |
|
9 |
|a Úštěk (Czechia)
|x history
|2 eczenas
|
| 651 |
|
9 |
|a Levín (Litoměřice, Czechia)
|x history
|2 eczenas
|
| 655 |
|
7 |
|a informační publikace
|7 fd132454
|2 czenas
|
| 655 |
|
9 |
|a information publications
|2 eczenas
|
| 700 |
1 |
|
|a Kursová, Lucie,
|d 1971-
|7 mzk2011668629
|4 aut
|
| 910 |
2 |
|
|a BOA001
|b 2-1363.349
|
| 928 |
9 |
|
|a Městský úřad Úštěk
|
| 990 |
|
|
|a BK
|
| 995 |
|
|
|a 01
|
| 991 |
|
|
|b 201603
|c NOV
|
| 996 |
6 |
|
|b 2610661386
|c 2-1363.349
|l MZK
|r Sklad / do 1 hodiny
|n 0
|p p.v.
|w 001547916
|u 000010
|a 1
|e BOA001
|j MZK50
|s P
|